000 00676cam a2200241 a 4500
001 sa 66001233
003 DLC
005 20260227112220.0
008 890825s1964 pk 000 0 urdr
010 _asa 66001233
035 _a(OCoLC)20258328
040 _aDLC
_cDLC
_dDLC
043 _aa-pk---
050 0 0 _aPK2155
_b.J5 1964
100 0 _aJīlānī Kāmrān,
_d1926-2003.
245 1 0 _aTanqīd kā nayā pas manẓar /
_cJīlānī Kāmrān.
250 _a1. ishāʻat.
260 _aLāhaur :
_bMaktabah-yi Adab-i Jadīd,
_c1964.
300 _a138 p. ;
_c23 cm.
546 _aIn Urdu.
650 0 _aUrdu literature
_xHistory and criticism.
650 0 _aCriticism.
999 _c67652
_d67652